000 00749nam a2200229Ia 4500
003 GCL
008 140319s9999 xx 000 0 ara d
040 _aGCL /
_cGCL
082 0 4 _aق
_b069.0962
_bم د
100 1 _aمحمد عبدالتواب الحتة
245 1 0 _aدليل متحف اثار ملوى /
_cمحمد عبدالتواب الحتة
700 1 _aحشمت مسيحة
260 _aالقاهرة :
_bهيئة الاثار المصرية ،
_c1973
300 _a55 ص:
_bايض ؛
_c24 سم
490 _a
650 0 4 _aمصر القديمة
650 0 4 _aالحضارة الفرعونية
650 0 4 _aالاثار الفرعونية
650 0 4 _aالمنيا
650 0 4 _aمتحف اثار ملوى
942 _2ddc
_cBK
999 _c52941
_d52941